| 000 | 00987nam a2200217 a 4500 | ||
|---|---|---|---|
| 001 | 001073488 | ||
| 003 | AM-YeHGA | ||
| 005 | 20250617151249.0 | ||
| 008 | 150417s1975 ||| r 000 0 rus d | ||
| 040 | _aAM-YeHGA | ||
| 041 | 0 | _arus | |
| 100 | 1 | _aМатвеев, Михаил Павлович | |
| 245 | 1 | 0 |
_aПочечный синдром при системных поражениях сосудов и соединительной ткани : _b(Лекции 1,2) / _cМ.П. Матвеев, С.В. Левицкая; Центральный институт усовершенствования врачей. |
| 260 |
_aМосква : _bБ.и., _c1975. |
||
| 300 | _a40 с. | ||
| 440 | 0 | _aУчебное телевидение | |
| 653 | 0 | _aБолезни почек у детей | |
| 700 | 1 | _aЛевицкая, Светлана Викторовна | |
| 710 | 2 | _aЦентральный институт усовершенствования врачей | |
| 090 | _c349677 | ||
| 999 |
_c347870 _d347870 |
||